000
00330nam a2200121Ia 4500
008
220214s9999 xx 000 0 und d
100
_a
Seyferth Dietmar
245
0
_a
Convenient organomercury CH2 transfer system
260
_b
Journal of Organometallic Chemistry
_c
1972
300
_a
41-43
700
_a
Haas Carol K
942
_c
RE
999
_c
45931
_d
45931